000 00627nam a2200157 4500
999 _c17002
_d17002
008 220527b ||||| |||| 00| 0 eng d
022 _a0117-3308
082 _aDPer 004.1105 C73 Sept 2010 - April 2011 v. 20 n. 3-9
100 _aJennings, Ralph.
_945258
245 _aQuake may affect tech industry for 6 months:
_bmemory chips, chip packaging and other products will see disruptions in Japan, analyst says/
_cRalph Jennings.
260 _aPhilippines:
_bSchneider Electric,
_c©2010-2011.
300 _av20 n9, page 4-5;
_b
_c27 cm.
500 _aComputer world.
650 _aTechnology
_xIndustry.
_917461
942 _2ddc
_cPER